ILLIT Magnetic English Lyrics (Kpop) - Statistics

General Stats
  • This quiz has been taken 61 times
    41 since last reset
  • The average score is 207 of 274
Answer Stats
Answer % Correct
I
100%
you
100%
it
97%
S
97%
like
93%
magnetic
93%
a
90%
baby
90%
(baby
90%
it's
90%
its
90%
want
90%
J
86%
N
86%
oh
86%
(oh)
86%
P
86%
super
86%
I'm
83%
just
83%
my
83%
(my)
83%
this
83%
time
83%
to
83%
but
76%
cool
76%
crush
76%
crush,
76%
crush)
76%
say
76%
that
76%
trying
76%
you're
76%
don't
72%
go
72%
minute
72%
no
72%
play
72%
wait
72%
can't
69%
da
69%
boy
66%
hide
66%
heart
62%
we're
62%
let's
59%
magnetized
59%
gosh
55%
(gosh)
55%
dash,
52%
dash)
52%
so
52%
bae
48%
green
48%
light
48%
our
48%
type
45%
and
41%
push
41%
yeah)
38%
lub-dub
38%
pull
38%
yeah
38%
rush,
34%
rush)
34%
(in
31%
in
31%
chemistry
28%
(gonna
28%
gonna
28%
back
21%
never
21%
holding
17%
dash-da
14%
No matching quizzes found
Score Distribution
Percent of People with Each Score
Percentile by Number Answered
Your Score History
You have not taken this quiz since the last reset